| Поле | Название | Значение |
| |
Тип записи |
a |
| |
Библиографический уровень |
m |
| 001 |
Контрольный номер |
d52613782608494191bc5f255768a58d |
| 005 |
Дата корректировки |
20140616135825.8 |
| 010 |
Индекс ISBN |
__ |
| a |
ISBN |
5-7654-3081-3 |
| 010 |
Индекс ISBN |
__ |
| a |
ISBN |
0-8273-5759-1 |
| 200 |
Заглавие и сведения об ответственности |
1_ |
| a |
Заглавие |
Идеальный магазин |
| e |
Сведения, относящиеся к заглавию |
Практ.рук-во по созданию бизнеса:Пер.с англ. |
| f |
Первые сведения об ответственности |
Колборн Роберт |
| 210 |
Выходные данные |
1_ |
| a |
Место издания |
СПб. |
| c |
Издательство |
Изд.дом"Нева" |
| d |
Дата издания |
2003 |
| 215 |
Физическое описание |
__ |
| a |
Объем |
412 с. |
| 225 |
Серия |
2_ |
| a |
Серия |
Международный бестселлер |
| 610 |
Ключевые слова |
0_ |
| a |
Ключевые слова |
магазин |
| 610 |
Ключевые слова |
0_ |
| a |
Ключевые слова |
бизнес |
| 610 |
Ключевые слова |
0_ |
| a |
Ключевые слова |
мерчандайзинг |
| 610 |
Ключевые слова |
0_ |
| a |
Ключевые слова |
практическое руководство |
| 610 |
Ключевые слова |
0_ |
| a |
Ключевые слова |
супермаркет |
| 610 |
Ключевые слова |
0_ |
| a |
Ключевые слова |
розничная торговля |
| 610 |
Ключевые слова |
0_ |
| a |
Ключевые слова |
торговое оборудование |
| 610 |
Ключевые слова |
0_ |
| a |
Ключевые слова |
продвижение товаров |
| 610 |
Ключевые слова |
0_ |
| a |
Ключевые слова |
продажи |
| 610 |
Ключевые слова |
0_ |
| a |
Ключевые слова |
технология продаж |
| 686 |
Индексы других классификаций |
__ |
| a |
Классификационный индекс |
65.542.1 |
| 2 |
Код системы |
rubbk |
| 686 |
Индексы других классификаций |
__ |
| a |
Классификационный индекс |
65.9(2)421-803.8 |
| 2 |
Код системы |
rubbk |
| 700 |
Автор |
_1 |
| a |
Фамилия |
Колборн Роберт |
| 801 |
Источник записи |
_0 |
| a |
Страна |
RU |
| b |
Организация |
РУК |
| c |
Дата составления |
20040217 |
| g |
Правила каталогизации |
PSBO |
| 801 |
Источник записи |
_1 |
| a |
Страна |
RU |
| b |
Организация |
РУК |
| c |
Дата составления |
20040217 |
| g |
Правила каталогизации |
PSBO |
| 852 |
Данные о местонахождении |
__ |
| i |
Авторский знак |
К60 |
| j |
Шифр хранения |
ББК 65.5 |
| 901 |
Тип документа |
__ |
| t |
Тип документа |
m |
| 938 |
Служебная информация |
__ |
| a |
Название организации |
Головной вуз |
| b |
Имя БД |
BOOK |
| c |
Название АИБС |
АИБС ИРБИС |